|
|
|
|
| LEADER |
04582nam a2200457 i 4500 |
| 001 |
45024 |
| 003 |
BD-DhAAL |
| 005 |
20251110160601.0 |
| 008 |
251110r20252022ii a b 001 0 eng d |
| 010 |
|
|
|a 2023275143
|
| 020 |
|
|
|a 9789355422675 (paperback)
|
| 020 |
|
|
|a 1098107969 (paperback)
|
| 020 |
|
|
|a 9781098107963 (paperback)
|
| 035 |
|
|
|a 23049201
|
| 035 |
|
|
|a (OCoLC)1286145997
|
| 040 |
|
|
|a YDX
|b eng
|c YDX
|e rda
|d BDX
|d UKMGB
|d CDX
|d UOK
|d OCLCF
|d OTP
|d DLC
|d BD-DhAAL
|
| 042 |
|
|
|a lccopycat
|
| 050 |
0 |
0 |
|a Q325.5
|b .H89 2022
|
| 082 |
|
|
|a 006.31
|2 23
|
| 100 |
1 |
|
|a Huyen, Chip,
|e author.
|9 59810
|
| 245 |
1 |
0 |
|a Designing machine learning systems :
|b an iterative process for production-ready applications /
|c Chip Huyen.
|
| 246 |
3 |
8 |
|a Designing machine learning systems
|
| 260 |
|
|
|a Navi Mumbai :
|b Shroff Publishers and Distributors ;
|a Sebastopol, CA :
|b O'Reilly Media,
|c c2022 [reprinted 2025].
|
| 300 |
|
|
|a xvi, 367 pages :
|b illustrations ;
|c 24 cm
|
| 500 |
|
|
|a First edition : May 2022
|
| 504 |
|
|
|a Includes bibliographical references and index.
|
| 505 |
0 |
0 |
|t Overview of machine learning systems --
|t Introduction to machine learning systems design --
|t Data engineering fundamentals --
|t Training data --
|t Feature Engineering --
|t Model development and offline evaluation --
|t Model develoypment and prediction service --
|t Data distribution shifts and monitoring --
|t Continual learning and test in production --
|t Infrastructure and tooling for MLOps --
|t The human side of machine learning
|
| 520 |
|
|
|a "Machine learning systems are both complex and unique. Complex because they consist of many different components and involve many different stakeholders. Unique because they're data dependent, with data varying wildly from one use case to the next. In this book, you'll learn a holistic approach to designing ML systems that are reliable, scalable, maintainable, and adaptive to changing environments and business requirements. Author Chip Huyen, co-founder of Claypot AI, considers each design decision--such as how to process and create training data, which features to use, how often to retrain models, and what to monitor--in the context of how it can help your system as a whole achieve its objectives. The iterative framework in this book uses actual case studies backed by ample references."--Amazon.com.
|
| 526 |
|
|
|a CSE
|x Annajiat Alim Rasel
Senior Lecturer
Department of Computer Science and Engineering
BRAC University
Course Type : General
|
| 541 |
|
|
|a Book Finder International
|e 45024, 45025, 45026, 45027, 45028
|
| 650 |
|
0 |
|a Machine learning.
|
| 650 |
|
0 |
|a Application software
|x Design.
|9 59811
|
| 650 |
|
0 |
|a Computer science.
|
| 852 |
|
|
|a Ayesha Abed Library
|c General Stacks
|
| 942 |
|
|
|2 ddc
|c BK
|
| 999 |
|
|
|c 47625
|d 47625
|
| 952 |
|
|
|0 0
|1 0
|2 ddc
|4 0
|6 006_310000000000000_HUY
|7 0
|9 78440
|a BRACUL
|b BRACUL
|c CIR
|d 2025-11-04
|e Book Finder International
|g 2016.00
|l 1
|o 006.31 HUY
|p 3010045025
|r 2026-01-10
|s 2026-01-07
|t 2
|v 4032.00
|w 2025-11-04
|y 1HOUR
|x Requisitioned by Annajiat Alim Rasel (Senior Lecturer, Department of Computer Science and Engineering, BRAC University) ; As instructed by the University Librarian, the book has been placed on a one hour loan period following the receipt of five copies.
|
| 952 |
|
|
|0 0
|1 0
|2 ddc
|4 0
|6 006_310000000000000_HUY
|7 0
|9 78441
|a BRACUL
|b BRACUL
|c GEN
|d 2025-11-04
|e Book Finder International
|g 2016.00
|l 3
|m 2
|o 006.31 HUY
|p 3010045026
|q 2026-05-14
|r 2026-04-23
|s 2026-04-23
|t 3
|v 4032.00
|w 2025-11-04
|y BK
|x Requisitioned by Annajiat Alim Rasel (Senior Lecturer, Department of Computer Science and Engineering, BRAC University).
|
| 952 |
|
|
|0 0
|1 0
|2 ddc
|4 0
|6 006_310000000000000_HUY
|7 0
|9 78442
|a BRACUL
|b BRACUL
|c NEW
|d 2025-11-04
|e Book Finder International
|g 2016.00
|l 3
|m 7
|o 006.31 HUY
|p 3010045024
|q 2026-06-02
|r 2026-04-23
|s 2026-04-23
|t 1
|v 4032.00
|w 2025-11-04
|y BK
|x Requisitioned by Annajiat Alim Rasel (Senior Lecturer, Department of Computer Science and Engineering, BRAC University).
|
| 952 |
|
|
|0 0
|1 0
|2 ddc
|4 0
|6 006_310000000000000_HUY
|7 0
|9 78443
|a BRACUL
|b BRACUL
|c GEN
|d 2025-11-04
|e Book Finder International
|g 2016.00
|l 0
|o 006.31 HUY
|p 3010045027
|r 2025-11-04
|t 4
|v 4032.00
|w 2025-11-04
|y BK
|x Requisitioned by Annajiat Alim Rasel (Senior Lecturer, Department of Computer Science and Engineering, BRAC University).
|
| 952 |
|
|
|0 0
|1 0
|2 ddc
|4 0
|6 006_310000000000000_HUY
|7 0
|9 78444
|a BRACUL
|b BRACUL
|c GEN
|d 2025-11-04
|e Book Finder International
|g 2016.00
|l 1
|m 1
|o 006.31 HUY
|p 3010045028
|r 2026-04-30
|s 2026-04-21
|t 5
|v 4032.00
|w 2025-11-04
|y BK
|x Requisitioned by Annajiat Alim Rasel (Senior Lecturer, Department of Computer Science and Engineering, BRAC University).
|